| 000 | 00780nas a2200253 4500 | ||
|---|---|---|---|
| 001 | BR2015000669 | ||
| 003 | BR-BrBNA | ||
| 005 | 20231205125001.0 | ||
| 007 | ta | ||
| 008 | 230509b bl.|||p| |||| 00| 00por d | ||
| 040 |
_aBR-BrBNA _bpor _cBiblioteca Nacional de Agricultura |
||
| 041 | _a(Pt) | ||
| 072 | _aF06 | ||
| 100 | 1 | _aBack, A.J. | |
| 100 | 1 | _aDufloth, J.H. | |
| 245 | 1 | _aDemanda hídrica e necessidade de irrigação de pastagens na região de Tubarão, SC | |
| 650 | _aPASTAGEM | ||
| 650 | _aIRRIGAÇÃO | ||
| 650 | _aDEFICIÊNCIA HÍDRICA | ||
| 650 | _aSAZONALIDADE | ||
| 773 | 0 |
_tAgropecuária Catarinense (Brazil) _xISSN 0103-0779 _g(Nov 2013-fev 2014), v. 26(3) p. 68-73 _wBR2015000669 |
|
| 909 |
_a202311 _bLúcia _c55 _dLúcia Elande |
||
| 942 |
_2AGRIS _n0 _cANA |
||
| 999 |
_c241985 _d241985 |
||